000 01090nam a2200337 i 4500
001 bg
100 1 _aMcKenna, Eugene.
245 1 0 _aZarządzanie zasobami ludzkimi /
_cEugene McKenna, Nic Beech ; tł. [z ang.] Krystyna Olszewska, Danuta Stanulewicz.
246 _iTyt. oryg.:
_aThe essence of human resource management
260 _aWarszawa :
_bWydawnictwo Felberg,
_c1999.
300 _aXI, 256 s. ;
_c21 cm.
490 1 _aPodstawy Zarządzania
500 _aOryg. : "The essence of human resource management".
504 _aBibliogr. przy rozdz. - Indeks.
650 9 _aKadry
_xpolityka
650 9 _aPrzedsiębiorstwo
_xzatrudnienie
_xorganizacja
650 9 _aZarządzanie
655 _aPodręczniki akademickie
700 1 _aOlszewska, Krystyna.
_eTł.
700 1 _aStanulewicz, Danuta.
_eTł.
830 0 _aPodstawy Zarządzania
020 _a8391146502
040 _cBPK
041 1 _apol
_heng
080 _a005.95/.96
080 _a658.310.8
080 _a(075.8)
920 _a83-911465-0-2
942 _cKS
008 070504s1999 pl f |001 0 pol
999 _c53431
_d53431
856 _uhttp://koha.tu.koszalin.pl/cgi-bin/koha/opac-detail.pl?biblionumber=53431
_yKatalog online BPK